000 00271nam a2200109Ia 4500
008 220204s9999 xx 000 0 und d
082 _a331(540)
_bKAN
100 _aKANTA AHUJA
245 0 _aIdle labour in village India
260 _aNew Delhi
_bManohar
_c1978
942 _cBK
999 _c30835
_d30835